书目信息 |
| 题名: |
农业增产技术指导纲要
|
|
| 作者: | ;河北省农业厅 编 | |
| 分册: | ||
| 出版信息: | 石家庄 河北人民出版社 1958.04 |
|
| 页数: | 59页 | |
| 开本: | 19cm | |
| 丛书名: | ||
| 单 册: | ||
| 中图分类: | S3-33 | |
| 科图分类: | ||
| 主题词: | 农学 | |
| 电子资源: | ||
| ISBN: | ||
| 000 | 00608nam0 2200205 450 | |
| 001 | 0634315017 | |
| 005 | 20060809093354.29 | |
| 010 | @dCNY0.15 | |
| 091 | @aT 16086·60 | |
| 100 | @a20060809d1958 km y0chiy0120 ea | |
| 101 | 0 | @achi |
| 102 | @aCN@b130000 | |
| 200 | 1 | @a农业增产技术指导纲要@Anong ye zeng chan ji shu zhi dao gang yao@f河北省农业厅 编@Fhe bei sheng nong ye ting bian |
| 210 | @a石家庄@c河北人民出版社@d1958.04 | |
| 215 | @a59页@d19cm | |
| 606 | 0 | @a农学 |
| 690 | @aS3-33@v3 | |
| 711 | 0 | @a河北省农业厅@Ahe bei sheng nong ye ting@4编 |
| 801 | 0 | @aCN@bPFT@c20060809 |
| 905 | @a10447@dS3-33@e23 | |
| 农业增产技术指导纲要/河北省农业厅 编.-石家庄:河北人民出版社,1958.04 |
| 59页;19cm |
| ISBN :CNY0.15 |
| ● |
| 相关链接 |
|
|
|
|
正题名:农业增产技术指导纲要
索取号:S3-33/23
 
预约/预借
| 序号 | 登录号 | 条形码 | 馆藏地/架位号 | 状态 | 备注 |
| 1 | 0451853 | 204518539 | 密集书库/ [索取号:S3-33/23] | 在馆 |